01402nam a2200277 a 450000100100000000500170001000800410002702000190006804000250008708200200011210000440013224500390017626000390021530000210025450000700027559000260034565000270037165000310039891000370042995201330046695201330059995201330073295201180086595201240098399900170110700002819120240530073920.0110407s2010 dr 000 f spa d z97899454730302 aDO-SdBNPbspacBNPHU aRD863.44bD325m1 aDeive, Carlos Esteban,d1935-20199191610aMagdalena /cCarlos Estaban Deive. aSanto Domingo :bSantuario,c2010. a109 p. ;c21 cm. aIncluye datos biográficos del autor en la solapa de la cubierta aInventariado, 2020/LP 0aNovela dominicana9223 0aLiteratura dominicana.967 aValidado. Control de calidad MFF 001054708DSaGRbGRcHDd2011-04-07iLF1l0oRD863.44 D325mp28191-30r2020-06-25te. 3w2020-06-25yLFDSZPréstamo en sala 001054708DSaGRbGRcHDd2015-01-30iLF1l0oRD863.44 D325mp28191-40r2020-06-25te. 4w2020-06-25yLFDSZPréstamo en sala 001054708DSaGRbGRcHDd2015-01-30iLF1l0oRD863.44 D325mp28191-50r2020-06-25te. 5w2020-06-25yLFDSZPréstamo en sala 0010718PDaPDbPDcHDd2011-04-07iLF1l0oRD863.44 D325mp28191-10r2020-06-25w2020-06-25yLFPDZNo se presta 0010718PDaPDbPDcHDd2011-04-07iLF1l0oRD863.44 D325mp28191-20r2020-06-25te. 2w2020-06-25yLFPDZNo se presta c27683d27683